Os meus avós são especiais (Registo nº 202004)
[ vista simples ]
| 000 -Etiqueta do registo | |
|---|---|
| Valores | 00696nam 22002173 4500 |
| 010 ## - Número ISBN | |
| ISBN | 978-972-24-1517-0 |
| 021 ## - Número do Depósito Legal | |
| Código do país | Portugal |
| Número | 256364/07 |
| 100 ## - Dados gerais de processamento | |
| Dados gerais | 20260430d u||y0pory50 ba |
| 200 ## - Titulo e menção de responsabilidade | |
| Título próprio | Os meus avós são especiais |
| Primeira menção de responsabilidade | Jennifer Moore- Mallinos |
| Outras menções de responsabilidade | ilustradora Marta Fàbrega; tradução Manuela Pessoa |
| 210 ## - Publicação | |
| Local de publicação | Lisboa |
| Nome do editor | Livros Horizonte |
| Data de publicação | 2007 |
| 215 ## - Descrição física | |
| Paginação / Volumes | 31, [1] p. |
| Outras indicações físicas | il. ; encadernado |
| Dimensões | 25 cm |
| 225 ## - Colecção | |
| Título próprio da colecção | Vamos conversar |
| 606 ## - Nome comum usado como assunto | |
| ID Autoridade | 47 |
| Palavra de ordem | Literatura Infantil Americana |
| 675 ## - CDU | |
| Notação | 821.111(73)-93 |
| Edição | PT |
| Língua | por |
| 700 ## - Autor principal (pessoa individual) | |
| ID Autoridade | 4275 |
| Apelido | Moore - Mallinos |
| Nome | Jennifer |
| 702 ## - Autor secundário (pessoa individual) | |
| ID Autoridade | 4276 |
| Apelido | Fàbrega |
| Nome | Marta |
| 801 ## - Fonte de origem | |
| País | PT |
| Agência | BMMN |
| Regras de catalogação | RPC |
| 830 ## - Notas gerais do catalogador | |
| Criado por | Isabel |
| 990 ## - Elementos KOHA | |
| Tipo de documento | Livro |
| Situação do levantamento | Biblioteca de origem | Código de barras | Cota | Permissão de empréstimo | Tipo de documento | Forma de aquisição |
|---|---|---|---|---|---|---|
| Biblioteca Municipal de Montemor-o-Novo | 31418 | 821.111(73)-93 MAL|AIJ | Livro | Oferta |